Modern Practical Psychology (Record no. 224233)

MARC details
000 -LEADER
fixed length control field 00544nam a22001937a 4500
005 - DATE AND TIME OF LATEST TRANSACTION
control field 20220727152537.0
008 - FIXED-LENGTH DATA ELEMENTS--GENERAL INFORMATION
fixed length control field 220727b ||||| |||| 00| 0 eng d
040 ## - CATALOGING SOURCE
Transcribing agency AL
041 ## - LANGUAGE CODE
Language code of text/sound track or separate title English
082 ## - DEWEY DECIMAL CLASSIFICATION NUMBER
Edition number 23
Classification number 150
Item number KOHM
100 ## - MAIN ENTRY--PERSONAL NAME
Personal name Khushwant S Kohli
100 ## - MAIN ENTRY--PERSONAL NAME
9 (RLIN) 53603
245 ## - TITLE STATEMENT
Title Modern Practical Psychology
260 ## - PUBLICATION, DISTRIBUTION, ETC.
Place of publication, distribution, etc. Amritsar
Name of publisher, distributor, etc. Khushwant S Kohil
Date of publication, distribution, etc. 1997
300 ## - PHYSICAL DESCRIPTION
Extent 178 p.
Other physical details HB
Dimensions 22x14 cm.
440 ## - SERIES STATEMENT/ADDED ENTRY--TITLE
Title XIV NO 1 January 1997
9 (RLIN) 53604
650 ## - SUBJECT ADDED ENTRY--TOPICAL TERM
Topical term or geographic name entry element Practical Psychology
9 (RLIN) 53605
700 ## - ADDED ENTRY--PERSONAL NAME
Personal name KOHLI (Khushwant S) Ed
9 (RLIN) 53606
942 ## - ADDED ENTRY ELEMENTS (KOHA)
Source of classification or shelving scheme Dewey Decimal Classification
Koha item type George Fernandes Collections
Holdings
Withdrawn status Lost status Source of classification or shelving scheme Damaged status Not for loan Collection code Home library Current library Date acquired Total Checkouts Full call number Barcode Date last seen Price effective from Koha item type
    Dewey Decimal Classification     Psychology St Aloysius Library St Aloysius Library 03/23/2013   150 KOHM GF03549 07/27/2022 07/27/2022 George Fernandes Collections